| 000 | 00488nam a22001697a 4500 | ||
|---|---|---|---|
| 999 |
_c525759 _d525759 |
||
| 003 | NUST | ||
| 020 | _qH/B | ||
| 038 | _awaseem | ||
| 082 |
_a891.4911 _bSHA |
||
| 100 |
_aDilawar Shah, Shahida _916700 |
||
| 245 |
_aPunjabi Adab Dy Ajokay Roop / _cShahida Dilawar Shah |
||
| 260 |
_aGujarat : _bRozan Publishers, _c2006. |
||
| 300 | _a399 p. ; | ||
| 880 |
_6100-01\r _aشاہدہ دلاور شاہ |
||
| 880 |
_6245-02\r _aپنجابی ادب کے اجوکے روپ / |
||
| 942 |
_2ddc _cBK |
||